00543nam a2200193Ia 4500003000400000005001700004008004100021020001500062040000700077041001200084082001900096100002500115245009000140260004000230300003000270365001300300650001400313650002200327OSt20250724172229.0210423s2002 xx 000 0 und d a8178270404 cAL aEnglish a307.762 2BHAP aMoitree Bhattacharya aPanchayati raj in west bengalb: democratic decentralisation or democratic centralism aNew DelhibManak Publicationsc2002 axxi, 218p.bHBc2214.5cm. b370cINR aSociology aUrban Communities